| 000 | 01156cad a22002415a 4500 | ||
|---|---|---|---|
| 001 | L150627 | ||
| 008 | 100805s2010 xxk f 000 0 eng d | ||
| 020 | _a9780717604135 | ||
| 035 | _a(Sirsi) u150627 | ||
| 041 | 0 | _aeng | |
| 110 | 2 |
_aGreat Britain _bHealth and Safety Executive |
|
| 245 | 0 | 0 |
_aWorkplace health, safety and welfare _bWorkplace (Health, Safety and Welfare) Regulations 1992 _bApproved Code of Practice _h[electronic resource] |
| 250 | _a12th ed. | ||
| 260 |
_aHSE _c2004 |
||
| 490 | 0 |
_aHSE Approved Code of Practice _v(L24) |
|
| 520 | _aProvides guidance on the Regulations which implement a European directive No. 89/654/EEC. Includes information on maintenance of the workplace, workplace equipment, devices and systems, ventilation, temperature and lighting. (Web friendly version of L24; first published 1992). | ||
| 650 | 2 | 4 | _aWORKPLACE (HEALTH, SAFETY AND WELFARE) REGULATIONS 1992 |
| 650 | 2 | 4 | _aEUROPEAN DIRECTIVE (89/654/EEC) |
| 651 | 4 |
_aGreat Britain _y1707- |
|
| 690 |
_aHealth and safety _96244 |
||
| 856 | 4 | 0 |
_uhttps://www.hse.gov.uk/pubns/priced/l24.pdf _zView the guidance free of charge at www.hse.gov.uk |
| 942 | _n0 | ||
| 999 |
_c110926 _d110926 |
||